000 00360nam a2200145Ia 4500
008 230917s9999||||xx |||||||||||||| ||und||
040 _e50383
_aMAIN
041 _aEnglish
082 _a790 V663E
100 _aVickerman, RW
245 4 _aThe economic of leisure and recreation
260 _aLondon
_bMacmillan
_c1975
300 _axii, 229 p.
942 _cBK
999 _c214904
_d214904